000 00498nam a2200169Ia 4500
999 _c12781
_d12781
003 OSt
005 20201022112427.0
008 190216s9999||||xx |||||||||||||| ||und||
040 _coclc
082 _a821.9108
_bBLA/N
100 _aBlack, E L
_95989
245 0 _aNine Modern Poets :
_bAn Anthology /
_cE L Black
260 _bMacmillan India Ltd ,
_c1974.
_aHong Kong:
300 _a230p
650 _aEnglish Poetry
942 _cBK
_2ddc
_h821.9108
_iBLA/N
_k821.9108
_mBLA/N